| 000 | 01142nam a2200313 i 4500 | ||
|---|---|---|---|
| 003 | EG-GICUC | ||
| 005 | 20260502152519.0 | ||
| 008 | 260502s1962 ua |||fr|||| 000 0 eng d | ||
| 040 |
_aEG-GiCUC _beng _cEG-GiCUC _dEG-GiCUC _erda |
||
| 041 | 0 | _aeng | |
| 082 | 0 | 4 |
_221 _a340.07302 _bUN . U |
| 092 | 0 | 4 | _221 |
| 099 | _aLaw1 10 340.07302 UN . U 1962 | ||
| 110 | 1 |
_aThe United States _kLaws And Regulations _eAuthor. |
|
| 245 | 1 | 0 |
_aUnited States Code Αnnοtated. _cThe United States _nTitle 47, _pTelegraphs, Telephones, And Radiotelegraphs |
| 264 | 1 |
_aUSA: _bWest Publishing Co; _c1962. |
|
| 300 |
_a485 pages ; _c24 cm |
||
| 336 |
_2rda content _atext |
||
| 337 |
_2rda media _aComputer |
||
| 338 |
_2rda carrier _aOnline Resource |
||
| 504 | _aComprising All Laws Of A General And Permanent Nature Under Arrangement Of Official Code Of The Laws Of The United States With Annotations From Federal And State Courts | ||
| 546 | _aText in English | ||
| 650 | 1 |
_aCriminal law _2qrmak |
|
| 651 | 1 | _2qrmak | |
| 710 | _2Federal | ||
| 856 | 4 | 0 | _uhttps://fll.law.cu.edu.eg/fulltext/bks/B10-11811.pdf |
| 905 | _a158 | ||
| 942 |
_2ddc _n0 _cBK _e21 |
||
| 999 |
_c74874 _d74874 |
||